Walter Gropius /

Walter Gropius (Berlín, 1883-1969), arquitecto y profesor fundador de la Bauhaus (1919), escuela de arte que profundizó la investigación sobre arquitectura y artes aplicadas durante la primera mitad del siglo XX. Sus principales hipótesis fueron la economía expresiva y la adecuación a los medios pro...

Full beskrivning

Sparad:
Bibliografiska uppgifter
Huvudupphov: Gropius, Walter (autor)
Övriga upphov: Busignani, Alberto (texto) (texto)
Materialtyp: Bok
Språk:italienska
Utgiven: Florencia, Italia : Sansoni, 1972, c1972
Serie:(I Maestri del Novecento ; 20)
Ämnen:
Taggar: Lägg till en tagg
Inga taggar, Lägg till första taggen!

MARC

LEADER 00000nam^a2200000^a^4500
001 000319750
005 20250521000000.0
009 20260310113452.507
037 |a Acervo ITESO - Biblioteca 
041 |a ITA 
082 |a 720. 943  |b GRO BUS 
100 |a Gropius, Walter  |e (autor) 
245 1 0 |a Walter Gropius /  |c W. Gropius ; texto de A. Busignani. 
264 4 |a Florencia, Italia :  |b Sansoni,  |c 1972, c1972 
300 |a 95 p. 
336 |a texto  |b txt  |2 rdacontenido 
337 |a sin mediación  |b n  |2 rdamedio 
338 |a volumen  |b nc  |2 rdasoporte 
440 2 |a (I Maestri del Novecento ;  |v 20) 
520 |a Walter Gropius (Berlín, 1883-1969), arquitecto y profesor fundador de la Bauhaus (1919), escuela de arte que profundizó la investigación sobre arquitectura y artes aplicadas durante la primera mitad del siglo XX. Sus principales hipótesis fueron la economía expresiva y la adecuación a los medios productivos para todas las formas de diseño, una especie de simbiosis entre el arte y la ingeniería. Estos conceptos también se plasmaron en sus edificios, que ejercieron una enorme influencia en la arquitectura moderna. Gropius estudió arquitectura en las universidades de Munich y Berlín-Carlottenburg; trabajó en el estudio del arquitecto Peter Behrens, uno de los pioneros del diseño moderno. Proyectó la fábrica Fagus en Alfeld (1910-1911) y el edificio de oficinas de la exposición del Werkbund en Colonia (1914), obras que le dieron fama en Europa. Gropius emigró a Gran Bretaña y después a Estados Unidos para dar clases en la Universidad de Harvard. Allí creó un grupo llamado Architects Collaborative (1946), que se hizo cargo de muchos proyectos arquitectónicos, como el Harvard Graduate Center (1949), la embajada de Estados Unidos en Atenas (1960) y la Universidad de Bagdad (1961). También construyó el edificio de la Panam (1963) en Nueva York, en colaboración con el arquitecto italoestadounidense Pietro Beluschi. 
649 |a XX 
650 |a Arquitectos Alemanes 
650 |a Artistas Alemanes 
650 |a Bauhaus 
650 |a Arquitectura Moderna -  |x Historia y Crítica 
650 |a Arquitectura Alemana -  |x Historia y Crítica 
650 |a Arquitectura Norteamericana -  |x Historia y Crítica 
650 |a Arte Moderno -  |x Historia y Crítica 
650 |a Arte Alemán -  |x Historia y Crítica 
650 |a Arte Norteamericano -  |x Historia y Crítica 
650 |a Gropius, Walter -  |x Tema Principal 
700 |a Busignani, Alberto  |e (texto) 
910 |a Fondo Ignacio Díaz Morales 
920 |a Impresos - Libros 
930 |a Arquitectos Jaliscienses 
905 |a 114 
901 |a 0500206939  |b IT1  |c JAL  |u 20250521 
902 |a https://opac.biblio.iteso.mx/vufind/Record/000319750